| 000 | 00361nam a2200133Ia 4500 | ||
|---|---|---|---|
| 005 | 20260326100048.0 | ||
| 008 | 260326s9999||||xx |||||||||||||| ||und|| | ||
| 100 | _aKen, Allinson | ||
| 245 | 0 |
_aLondon's Contemporary Architecture : _b An explorer's Guide / _cAllinson Ken |
|
| 260 | _bElsevier | ||
| 300 | _a264 p. | ||
| 650 | _aARQUITECTURA REGIONAL | ||
| 942 | _cBK | ||
| 999 |
_c7277 _d7277 |
||